| 000 | 00918nam a2200265Ia 4500 | ||
|---|---|---|---|
| 003 | OSt | ||
| 005 | 20220927103622.0 | ||
| 006 | a|||||r|||| 00| 0 | ||
| 007 | ta | ||
| 008 | 220926b |||||||| |||| 00| 0 eng d | ||
| 024 | _a87731 | ||
| 037 | _cReference Collections | ||
| 040 |
_aRTL _cRTL _beng |
||
| 041 |
_2eng _aeng |
||
| 082 | _a"Y:5:(B280, K7/UN" | ||
| 110 | _a"United Nations, Economic and Social Affairs (Deptt of-)" | ||
| 245 | 0 | _aMethods of estimating basic demographic measures from incompleted data | |
| 260 |
_aNew _bYork UN _c1967 |
||
| 300 |
_a"vi,126p" _ccm. |
||
| 490 | _a"United Nations, Population Studies. 42. United Nations Manuals on Methods of Estimating Population.4" | ||
| 650 |
_aFamily Planning _9360581 |
||
| 700 | _a"United Nations, Economic and Social Affairs (Deptt of-)" | ||
| 942 |
_h"Y:5:(B280, K7/UN" _cCC |
||
| 999 |
_c684341 _d684341 |
||